FABRI, Marco; JEAN, Jean-Paul; LANGBROEK, Philip; PAULIAT, Hélène, L’administration de la justice en Europe et l’évaluation de sa qualité. Paris (France) : Montchrestien (www.lgdj.fr/lgdj/consultation. php), 2005. 449 p. (Grands Colloques). ISBN:2-7076-1412-2. € 33,00 (notice n° 1588755)
[ vue normale ]
| 000 -LEADER | |
|---|---|
| fixed length control field | 00725cam a2200133 4500500 |
| 005 - DATE AND TIME OF LATEST TRANSACTION | |
| control field | 20251228063027.0 |
| 041 ## - LANGUAGE CODE | |
| Language code of text/sound track or separate title | fre |
| 042 ## - AUTHENTICATION CODE | |
| Authentication code | dc |
| 245 00 - TITLE STATEMENT | |
| Title | FABRI, Marco; JEAN, Jean-Paul; LANGBROEK, Philip; PAULIAT, Hélène, L’administration de la justice en Europe et l’évaluation de sa qualité. Paris (France) : Montchrestien (www.lgdj.fr/lgdj/consultation. php), 2005. 449 p. (Grands Colloques). ISBN:2-7076-1412-2. € 33,00 |
| 260 ## - PUBLICATION, DISTRIBUTION, ETC. | |
| Date of publication, distribution, etc. | 2005.<br/> |
| 500 ## - GENERAL NOTE | |
| General note | 5 |
| 786 0# - DATA SOURCE ENTRY | |
| Note | Revue Internationale des Sciences Administratives | 71 | 3 | 2005-09-01 | p. 567i-570i | 0303-965X |
| 856 41 - ELECTRONIC LOCATION AND ACCESS | |
| Uniform Resource Identifier | <a href="https://droit.cairn.info/revue-internationale-des-sciences-administratives-2005-3-page-567i?lang=fr&redirect-ssocas=7080">https://droit.cairn.info/revue-internationale-des-sciences-administratives-2005-3-page-567i?lang=fr&redirect-ssocas=7080</a> |
Pas d'exemplaire disponible.




Réseaux sociaux